| 000 | 00520nam a2200121Ia 4500 | ||
|---|---|---|---|
| 008 | 171212s9999 xx 000 0 und d | ||
| 020 | _a9781921862779 | ||
| 245 |
_ceditor Drahos, Peter;Frankel, Susy _aIndigenous Peoples' Innovation _bIntellectual Property Pathways to Development |
||
| 260 |
_bANU E Press _c2012 |
||
| 650 | _aEthnoscience; Traditional ecological knowledge; Intellectual property; Indigenous peoples -- Legal status, laws, etc | ||
| 650 | _aSociology | ||
| 856 | _uwww.jstor.org/stable/10.2307/j.ctt24hfgx | ||
| 999 |
_c351160 _d351160 |
||